The Disc Golf Quiz - Statistics

General Stats
  • This quiz has been taken 369 times
    311 since last reset
  • The average score is 23 of 33
Answer Stats
Hint Answer % Correct
If you need one less throw than par you get a ____ birdie
98%
The opposite of a backhand forehand
97%
If you need one more thrown than par you get a ____ bogey
93%
What does the first flight number indicate? Speed
88%
Discs made for distance Drivers
86%
Discs made for short range play Putters
86%
What does the fourth flight number indicate? Fade
84%
Discs made for medium ranges Midranges
84%
What does the third flight number indicate? Turn
84%
What does the second flight number indicate? Glide
82%
What is the catching device at the end of every hole called? Basket
81%
The most major wins in open division amongst active players Paul McBeth
81%
The Destroyer, Mako3 and Wraith are produced by what brand? Innova
79%
What speed discs are the Buzzz, the Kotuku or the MD1? 5
78%
In 1976 this global governing body of disc golf was founded (organization) PDGA
77%
The "Cloudbreaker" is a signature disc from what athlete? Eagle McMahon
74%
... who is sponsored by this disc manufacturer Discraft
72%
Does throwing into a headwind makes a disc more ______? understable
70%
German born athlete, known primarely for his trickshot videos Simon Lizotte
69%
Who made the "Holy Shot" at the 2021 World Championship James Conrad
68%
If you throw an understable disc at a hyzer angle to make it flip up to flat and reach long distances with a straight flight you call that a ____ ___ hyzer flip
62%
The most famous Disc Golf broadcaster on YouTube Jomez Pro
62%
The previous changed from Discmania to this new sponsor in 2023 MVP
61%
Trilogy consists of Dynamic Discs, Latitude 64 and _________ Westside
60%
The record holder for the most major wins in open division Ken Climo
59%
Who was the 2023 FPO Pro Tour Champion? Kristin Tattar
57%
If you throw an overstable disc on an anhyzer angle and the disc fades out of it mid flight, you threw a _____ flex
56%
What manufacturer has a lineup of discs including the Berry, Cookie and the Wild Honey Clash
55%
Pro Tour event in Massachusetts Maple Hill
52%
In 2020 Discmania released this disc with the flight numbers of | 9 | 1 | 1 | 6 | Tilt
51%
If you throw an understable disc flat and it turns and doesnt come out of that angle, it's called a _______ turnover
50%
The Armadillo, Harpoon and the Tombstone are discs by what brand? Lone Star
45%
The first event of the 2023 Pro Tour was held in this city Las Vegas
37%
No matching quizzes found
Score Distribution
Percent of People with Each Score
Percentile by Number Answered
Your Score History
You have not taken this quiz since the last reset